00332 2200145 4500245004400000250001100044100002400055650001600079650001700095005001900112260001800131041001400149084001400163336000900177 aAutobiograficKhairani Nurul IzzahText aCet. 1 aKhairani Nurul Izza aKarya Siswa aAutobiografi a20250521080229 aJakartac2025 aIndonesia a081 KHA a atext